[Event "Rilton Cup 22nd"]
[Site "Stockholm"]
[Date "1992.??.??"]
[Round "7"]
[White "Dzevlan, Miralem"]
[Black "Kaiszauri, Konstanty"]
[Result "0-1"]
[WhiteElo "2395"]
[BlackElo "2340"]
[PlyCount "38"]
[EventDate "1992.12.??"]
[EventType "swiss"]
[EventRounds "9"]
[EventCountry "SWE"]
[SourceTitle "TD"]
[Source "ChessBase"]
[SourceDate "1994.03.01"]
[SourceVersion "1"]
[SourceVersionDate "1994.03.01"]
[SourceQuality "1"]

1. d4 d6 2. c4 f5 3. Nc3 Nf6 4. g3 g6 5. Bg2 Bg7 6. Nh3 c6 7. d5 e5 8. dxe6 Bxe6 9. Qd3 Na6 10. Ng5 Nb4 11. Qd1 Bxc4 12. a3 Nbd5 13. Ne6 Nxc3 14. Nxg7+ Kf7 15. Qd4 d5 16. Nxf5 Nxe2 17. Nh6+ Kg7 18. Qh4 Nxc1 19. Rxc1 Qe7+ 0-1

[Event "Rilton Cup 22nd"]
[Site "Stockholm"]
[Date "1992.??.??"]
[Round "6"]
[White "Kaiszauri, Konstanty"]
[Black "Balashov, Yuri S"]
[Result "1/2-1/2"]
[WhiteElo "2340"]
[BlackElo "2550"]
[PlyCount "44"]
[EventDate "1992.12.??"]
[EventType "swiss"]
[EventRounds "9"]
[EventCountry "SWE"]
[SourceTitle "TD"]
[Source "ChessBase"]
[SourceDate "1994.03.01"]
[SourceVersion "1"]
[SourceVersionDate "1994.03.01"]
[SourceQuality "1"]

1. e4 e5 2. Nf3 Nc6 3. Bb5 a6 4. Bxc6 dxc6 5. 0-0 f6 6. d4 exd4 7. Nxd4 c5 8. Nb3 Qxd1 9. Rxd1 Bg4 10. f3 Be6 11. Be3 b6 12. Nc3 Bd6 13. a4 Kf7 14. a5 c4 15. Nd4 b5 16. Nxe6 Kxe6 17. Ne2 Ne7 18. Nd4+ Kf7 19. Kf2 Rhd8 20. f4 c5 21. Nf5 Nxf5 22. exf5 Be7 1/2-1/2

[Event "Rilton Cup 22nd"]
[Site "Stockholm"]
[Date "1992.??.??"]
[Round "8"]
[White "Kaiszauri, Konstanty"]
[Black "Hellers, Ferdinand"]
[Result "0-1"]
[WhiteElo "2340"]
[BlackElo "2500"]
[PlyCount "76"]
[EventDate "1992.12.??"]
[EventType "swiss"]
[EventRounds "9"]
[EventCountry "SWE"]
[SourceTitle "TD"]
[Source "ChessBase"]
[SourceDate "1994.03.01"]
[SourceVersion "1"]
[SourceVersionDate "1994.03.01"]
[SourceQuality "1"]

1. e4 c5 2. Nf3 Nc6 3. Bb5 g6 4. 0-0 Bg7 5. Re1 e5 6. Bxc6 dxc6 7. b4 cxb4 8. a3 bxa3 9. Nxa3 Ne7 10. Nc4 Bg4 11. Bb2 f6 12. d4 exd4 13. Qxd4 Qxd4 14. Bxd4 Nc8 15. Bc5 Bf8 16. Bd4 Be7 17. e5 0-0 18. exf6 Bxf6 19. Bxf6 Rxf6 20. Nfe5 Bf5 21. Na5 Nd6 22. Reb1 Bxc2 23. Rb2 Bf5 24. Nxb7 Rb8 25. g4 Rxb7 26. Rxb7 Nxb7 27. gxf5 Rxf5 28. Nxc6 Rg5+ 29. Kf1 a5 30. Rb1 Nd6 31. Rb8+ Kg7 32. Ra8 Nc4 33. Ke2 Rd5 34. Ra7+ Kh6 35. f4 Rd2+ 36. Kf3 Ra2 37. Ne7 Ra3+ 38. Ke4 Nd2+ 0-1

[Event "Rilton Cup 18th"]
[Site "Stockholm"]
[Date "1988.??.??"]
[Round "?"]
[White "Kaiszauri, Konstanty"]
[Black "Engsner, Joakim"]
[Result "1/2-1/2"]
[WhiteElo "2335"]
[BlackElo "2200"]
[PlyCount "89"]
[EventDate "1988.12.??"]
[EventType "swiss"]
[EventRounds "9"]
[EventCountry "SWE"]
[SourceTitle "CBM 011"]
[Source "ChessBase"]
[SourceDate "1989.08.01"]
[SourceVersion "1"]
[SourceVersionDate "1989.08.01"]
[SourceQuality "1"]

1. e4 e5 2. Nf3 Nf6 3. d4 Nxe4 4. Bd3 d5 5. dxe5 Nc5 6. Nc3 Nxd3+ 7. Qxd3 c6 8. Bg5 Be7 9. Bxe7 Qxe7 10. 0-0 Na6 11. Nd4 Nc7 12. f4 Bd7 13. Nf5 Bxf5 14. Qxf5 0-0 15. Rae1 f6 16. exf6 Qc5+ 17. Kh1 Rxf6 18. Ne4 Rxf5 19. Nxc5 b6 20. Nd7 Re8 21. Rxe8+ Nxe8 22. g4 Rf7 23. Ne5 Rc7 24. Kg2 Nf6 25. Kf3 g6 26. Rd1 Kf8 27. h4 Ke7 28. h5 Nd7 29. Re1 Nxe5+ 30. Rxe5+ Kf7 31. Kg3 Rd7 32. Kf3 Rd6 33. Ke3 c5 34. c3 Re6 35. hxg6+ hxg6 36. Rxe6 Kxe6 37. Kf3 Kf6 38. Kg3 Ke6 39. Kf3 Kf6 40. Ke3 Ke6 41. Kd3 Kf6 42. Kc2 a6 43. a4 a5 44. b4 Ke6 45. bxc5 1/2-1/2

[Event "Rilton Cup 18th"]
[Site "Stockholm"]
[Date "1988.??.??"]
[Round "?"]
[White "Kaiszauri, Konstanty"]
[Black "Lindgren, Mats"]
[Result "1-0"]
[WhiteElo "2335"]
[BlackElo "2230"]
[PlyCount "83"]
[EventDate "1988.12.??"]
[EventType "swiss"]
[EventRounds "9"]
[EventCountry "SWE"]
[SourceTitle "CBM 011"]
[Source "ChessBase"]
[SourceDate "1989.08.01"]
[SourceVersion "1"]
[SourceVersionDate "1989.08.01"]
[SourceQuality "1"]

1. e4 e6 2. d4 d5 3. Nd2 Nf6 4. e5 Nfd7 5. c3 c5 6. Bd3 Nc6 7. Ne2 cxd4 8. cxd4 f6 9. exf6 Nxf6 10. 0-0 Bd6 11. Nf3 Qc7 12. g3 0-0 13. Bf4 Ng4 14. Qd2 e5 15. dxe5 Ncxe5 16. Nxe5 Nxe5 17. Bxe5 Bxe5 18. Rac1 Qb6 19. Nc3 Bh3 20. Nxd5 Qxb2 21. Rc2 Qa3 22. Re1 Rae8 23. Re3 Qd6 24. Bc4 Kh8 25. Qe1 b5 26. Bb3 a5 27. Rd2 a4 28. Bc2 Qc6 29. Be4 Qa6 30. Bg2 Bxg2 31. Nc7 Qc6 32. Nxe8 Bb8 33. Re6 Qa8 34. Nd6 Bh3 35. Re4 Qc6 36. Nf7+ Kg8 37. Ng5 Bc8 38. Red4 Bb7 39. Qe6+ Qxe6 40. Nxe6 Re8 41. Rd8 Kf7 42. Rxe8 1-0

[Event "Rilton Cup 18th"]
[Site "Stockholm"]
[Date "1988.??.??"]
[Round "?"]
[White "Schneider, Lars Ake"]
[Black "Kaiszauri, Konstanty"]
[Result "1-0"]
[WhiteElo "2475"]
[BlackElo "2335"]
[PlyCount "67"]
[EventDate "1988.12.??"]
[EventType "swiss"]
[EventRounds "9"]
[EventCountry "SWE"]
[SourceTitle "CBM 011"]
[Source "ChessBase"]
[SourceDate "1989.08.01"]
[SourceVersion "1"]
[SourceVersionDate "1989.08.01"]
[SourceQuality "1"]

1. e4 e5 2. Nf3 Nc6 3. c3 Nf6 4. d4 d6 5. Bb5 Bd7 6. 0-0 Be7 7. Re1 0-0 8. d5 Nb8 9. Bxd7 Nbxd7 10. c4 Ne8 11. Nc3 g6 12. Bh6 Ng7 13. Qd2 f5 14. Ng5 Bxg5 15. Bxg5 Nf6 16. f4 exf4 17. Qxf4 c6 18. exf5 Qb6+ 19. Qe3 Nxf5 20. Qxb6 axb6 21. a3 Ng4 22. Ne4 Ne5 23. dxc6 bxc6 24. c5 bxc5 25. Nxd6 Nd3 26. Re6 Nd4 27. Re7 Nxb2 28. Ne4 Nf5 29. Rc7 Rfc8 30. Nf6+ Kf8 31. Nxh7+ Ke8 32. Nf6+ Kf8 33. Rb7 Rab8 34. Nd7+ 1-0

[Event "Rilton Cup-14 1984/85"]
[Site "Stockholm"]
[Date "1985.01.01"]
[Round "6"]
[White "Hector, Jonny"]
[Black "Kaiszauri, Konstanty"]
[Result "1-0"]
[WhiteElo "2295"]
[BlackElo "2345"]
[PlyCount "51"]
[EventDate "1984.12.27"]
[EventType "swiss"]
[EventRounds "9"]
[EventCountry "SWE"]
[SourceTitle "EXT 2018"]
[Source "ChessBase"]
[SourceDate "2017.10.13"]
[SourceVersion "1"]
[SourceVersionDate "2017.10.13"]
[SourceQuality "1"]

1. e4 d6 2. d4 Nf6 3. Nc3 g6 4. f4 Bg7 5. e5 Nfd7 6. Nf3 c5 7. dxc5 dxe5 8. fxe5 0-0 9. e6 fxe6 10. Bc4 Nxc5 11. Qe2 Nc6 12. Be3 Qb6 13. Bb3 Qa5 14. 0-0 Nxb3 15. axb3 Qh5 16. Rad1 Kh8 17. Qc4 h6 18. b4 e5 19. b5 Nd4 20. Nxd4 Rxf1+ 21. Rxf1 exd4 22. Bxd4 e5 23. Bxa7 Bf5 24. Qc7 Bxc2 25. Bb8 e4 26. Qxb7 1-0

[Event "Rilton Cup-14 1984/85"]
[Site "Stockholm"]
[Date "1984.12.27"]
[Round "1"]
[White "Degerman, Lars"]
[Black "Kaiszauri, Konstanty"]
[Result "1-0"]
[WhiteElo "2270"]
[BlackElo "2375"]
[PlyCount "97"]
[EventDate "1984.12.27"]
[EventType "swiss"]
[EventRounds "9"]
[EventCountry "SWE"]
[SourceTitle "EXT 2018"]
[Source "ChessBase"]
[SourceDate "2017.10.13"]
[SourceVersion "1"]
[SourceVersionDate "2017.10.13"]
[SourceQuality "1"]

1. e4 d6 2. d4 Nf6 3. Nc3 g6 4. g3 Bg7 5. Bg2 0-0 6. Nge2 e5 7. h3 c5 8. dxe5 dxe5 9. Qxd8 Rxd8 10. Bg5 Be6 11. Nd5 Bxd5 12. exd5 Nbd7 13. 0-0-0 Nb6 14. Nc3 Nc4 15. d6 Nxd6 16. Nd5 Nde8 17. Nxf6+ Bxf6 18. Bxf6 Nxf6 19. Bxb7 Rab8 20. Rxd8+ Rxd8 21. Re1 Re8 22. Rd1 Kg7 23. Bg2 h5 24. Rd3 Re7 25. Rc3 Rc7 26. b4 Nd7 27. a4 f5 28. a5 Kf6 29. Bf1 e4 30. Bb5 Ne5 31. Rxc5 Rxc5 32. bxc5 Ke6 33. Kd2 Kd5 34. Ke3 Kxc5 35. Be8 g5 36. Bxh5 Nc4+ 37. Ke2 f4 38. gxf4 gxf4 39. Bg6 Kd4 40. h4 f3+ 41. Ke1 e3 42. h5 Ne5 43. c3+ Kxc3 44. fxe3 Ng4 45. Be4 Nxe3 46. Kf2 Ng4+ 47. Kxf3 Nf6 48. h6 Kd4 49. Kf4 1-0

[Event "Nordic Team-ch"]
[Site "Oslo"]
[Date "1983.10.??"]
[Round "?"]
[White "Kaiszauri, Konstanty"]
[Black "Flis, Jacek"]
[Result "1/2-1/2"]
[WhiteElo "2370"]
[BlackElo "2325"]
[PlyCount "33"]
[EventDate "1983.10.??"]
[EventType "team"]
[EventRounds "7"]
[EventCountry "NOR"]
[SourceTitle "MCD"]
[Source "ChessBase"]
[SourceDate "1999.07.01"]
[SourceVersion "1"]
[SourceVersionDate "1999.07.01"]
[SourceQuality "1"]

1. c4 g6 2. g3 Bg7 3. Bg2 Nf6 4. Nf3 0-0 5. 0-0 d6 6. Nc3 e5 7. Rb1 a5 8. a3 Nc6 9. b4 axb4 10. axb4 Bf5 11. d3 Qd7 12. b5 Nd8 13. Nd5 Nxd5 14. cxd5 c6 15. dxc6 bxc6 16. Bg5 d5 17. Bxd8 1/2-1/2

[Event "Nordic Team-ch"]
[Site "Oslo"]
[Date "1983.10.??"]
[Round "?"]
[White "Kaiszauri, Konstanty"]
[Black "Hjartarson, Johann"]
[Result "1-0"]
[WhiteElo "2370"]
[BlackElo "2395"]
[PlyCount "177"]
[EventDate "1983.10.??"]
[EventType "team"]
[EventRounds "7"]
[EventCountry "NOR"]
[SourceTitle "MCD"]
[Source "ChessBase"]
[SourceDate "1999.07.01"]
[SourceVersion "1"]
[SourceVersionDate "1999.07.01"]
[SourceQuality "1"]

1. c4 Nf6 2. Nc3 c5 3. Nf3 e6 4. g3 b6 5. Bg2 Bb7 6. 0-0 Be7 7. b3 d6 8. Bb2 0-0 9. e3 a6 10. d4 Nbd7 11. d5 exd5 12. Nh4 Re8 13. Nf5 Bf8 14. Nxd5 Rb8 15. Nxf6+ Nxf6 16. Bxb7 Rxb7 17. Bxf6 Qxf6 18. Qf3 Rbb8 19. a4 g6 20. Nh4 Qxf3 21. Nxf3 b5 22. axb5 axb5 23. Ra7 h6 24. Rfa1 bxc4 25. bxc4 Rb4 26. R1a4 Reb8 27. Nd2 Rxa4 28. Rxa4 Rb2 29. Ne4 Rb4 30. Rxb4 cxb4 31. Nd2 f5 32. Kf1 Kf7 33. Nb3 Ke6 34. Nd4+ Kd7 35. Ke2 d5 36. Kd3 dxc4+ 37. Kxc4 Kd6 38. Kxb4 Ke5+ 39. Kc3 Ke4 40. Kd2 g5 41. f3+ Ke5 42. Kd3 g4 43. f4+ Kf6 44. e4 fxe4+ 45. Kxe4 Bc5 46. Nf5 h5 47. Ne3 Kf7 48. f5 Bd6 49. Nd5 h4 50. gxh4 Bxh2 51. Ne3 g3 52. Kf3 Bg1 53. Nf1 Kf6 54. Nxg3 Bh2 55. Nf1 Bg1 56. Kg4 Bf2 57. h5 Bd4 58. Nd2 Be3 59. Ne4+ Kf7 60. Ng5+ Kg7 61. Ne6+ Kf6 62. Nf4 Bc1 63. Nd5+ Ke5 64. Nc3 Kf6 65. Ne4+ Kf7 66. Kf3 Kg7 67. Nf2 Kf6 68. Kg4 Be3 69. Ne4+ Kf7 70. Kf3 Bc1 71. Nd6+ Ke7 72. Nc4 Kf6 73. Kg4 Bh6 74. Nb6 Bc1 75. Nd5+ Ke5 76. Nb4 Kf6 77. Nd3 Bd2 78. Nf4 Bc1 79. h6 Bd2 80. Nd5+ Kf7 81. h7 Kg7 82. f6+ Kxh7 83. Kf5 Kg8 84. Ke6 Kf8 85. f7 Bc1 86. Nb6 Ba3 87. Kf6 Bb2+ 88. Kg6 Ke7 89. Nd7 1-0

[Event "Nordic Team-ch"]
[Site "Oslo"]
[Date "1983.10.??"]
[Round "?"]
[White "Pirttimaki, Timo"]
[Black "Kaiszauri, Konstanty"]
[Result "1/2-1/2"]
[WhiteElo "2360"]
[BlackElo "2370"]
[PlyCount "34"]
[EventDate "1983.10.??"]
[EventType "team"]
[EventRounds "7"]
[EventCountry "NOR"]
[SourceTitle "MCD"]
[Source "ChessBase"]
[SourceDate "1999.07.01"]
[SourceVersion "1"]
[SourceVersionDate "1999.07.01"]
[SourceQuality "1"]

1. e4 e5 2. Nf3 Nc6 3. Bc4 Bc5 4. c3 Nf6 5. d3 a6 6. 0-0 Ba7 7. Bb3 d6 8. Nbd2 0-0 9. Re1 Be6 10. Nf1 Qd7 11. Be3 Bxe3 12. Nxe3 Rad8 13. d4 Bg4 14. Nxg4 Qxg4 15. Bd5 exd4 16. Bxc6 bxc6 17. h3 Qf4 1/2-1/2

[Event "HUN op"]
[Site "Kecskemet"]
[Date "1983.08.??"]
[Round "?"]
[White "Kaiszauri, Konstanty"]
[Black "Horvath, Imre"]
[Result "1-0"]
[WhiteElo "2370"]
[BlackElo "2280"]
[PlyCount "51"]
[EventDate "1983.08.12"]
[EventType "swiss"]
[EventRounds "11"]
[EventCountry "HUN"]
[SourceTitle "EXT 2008"]
[Source "ChessBase"]
[SourceDate "2007.11.25"]
[SourceVersion "1"]
[SourceVersionDate "2007.11.25"]
[SourceQuality "1"]

1. c4 c5 2. Nf3 g6 3. d4 Nf6 4. Nc3 cxd4 5. Nxd4 Bg7 6. e4 d6 7. Be2 0-0 8. 0-0 Nc6 9. Be3 a6 10. Qd2 Ng4 11. Bxg4 Bxg4 12. f4 Bd7 13. f5 Rc8 14. Nd5 Ne5 15. b3 Bc6 16. Bh6 Bxd5 17. exd5 b5 18. cxb5 axb5 19. Kh1 Rc5 20. fxg6 hxg6 21. Bxg7 Kxg7 22. Rxf7+ Kxf7 23. Ne6 Nd7 24. Qh6 Qc8 25. Rf1+ Nf6 26. Rxf6+ 1-0

[Event "HUN op"]
[Site "Kecskemet"]
[Date "1983.08.??"]
[Round "?"]
[White "Kaiszauri, Konstanty"]
[Black "Nemeth, Zoltan"]
[Result "1-0"]
[WhiteElo "2370"]
[BlackElo "2265"]
[PlyCount "79"]
[EventDate "1983.08.12"]
[EventType "swiss"]
[EventRounds "11"]
[EventCountry "HUN"]
[SourceTitle "EXT 2008"]
[Source "ChessBase"]
[SourceDate "2007.11.25"]
[SourceVersion "1"]
[SourceVersionDate "2007.11.25"]
[SourceQuality "1"]

1. c4 c5 2. Nf3 Nf6 3. Nc3 e6 4. d4 d5 5. cxd5 exd5 6. g3 Nc6 7. Bg2 Be7 8. 0-0 0-0 9. dxc5 Bxc5 10. Bg5 d4 11. Bxf6 Qxf6 12. Nd5 Qd8 13. Nd2 Be6 14. Nf4 Qd7 15. Rc1 Bb6 16. Nc4 Rfd8 17. Bxc6 Qxc6 18. Nxe6 Qxe6 19. Qd3 h5 20. h4 g6 21. Rc2 Rd5 22. Nd2 Re8 23. Nf3 Qg4 24. Kg2 Kg7 25. Rd1 Rdd8 26. Rc4 Qe6 27. Rd2 Ba5 28. Rxd4 Rxd4 29. Qxd4+ Kg8 30. b4 Bb6 31. Qf4 Qe4 32. e3 Qc6 33. Rd6 Qc2 34. Rd2 Qc6 35. Rd6 Qc2 36. Rd7 Qxa2 37. Ne5 Bxe3 38. Qxe3 Qe6 39. Qf4 f6 40. Qh6 1-0

[Event "Rilton Cup-12 1982/83"]
[Site "Stockholm"]
[Date "1982.12.27"]
[Round "1"]
[White "Kaiszauri, Konstanty"]
[Black "Behrhorst, Frank"]
[Result "1/2-1/2"]
[WhiteElo "2395"]
[BlackElo "2255"]
[PlyCount "149"]
[EventDate "1982.12.27"]
[EventType "swiss"]
[EventRounds "9"]
[EventCountry "SWE"]
[SourceTitle "EXT 2006"]
[Source "ChessBase"]
[SourceDate "2005.11.24"]
[SourceVersion "1"]
[SourceVersionDate "2005.11.24"]
[SourceQuality "1"]

1. c4 c5 2. Nf3 Nf6 3. d4 cxd4 4. Nxd4 e6 5. g3 d5 6. Bg2 e5 7. Nf3 d4 8. 0-0 Nc6 9. e3 Bg4 10. Qb3 Qd7 11. exd4 Bxf3 12. Qxf3 Nxd4 13. Qd3 Be7 14. Re1 Rd8 15. Nc3 Qc7 16. Nd5 Nxd5 17. Bxd5 Rxd5 18. cxd5 Nc2 19. Bf4 Nxe1 20. Rxe1 f6 21. Rc1 Qd7 22. Be3 0-0 23. Qb3 Bd6 24. Bxa7 f5 25. Bc5 Rc8 26. Be3 f4 27. Rxc8+ Qxc8 28. Bd2 g5 29. Qd3 Qg4 30. Kg2 Qd1 31. Qf5 f3+ 32. Kh3 Qxd2 33. Qe6+ Kg7 34. Qd7+ Kg8 35. Qe6+ Kg7 36. Qxd6 Qxf2 37. Qe7+ Kg6 38. Qe6+ Kg7 39. Qe7+ Kg6 40. Qe6+ Kg7 41. Qxe5+ Kg6 42. Qe4+ Kg7 43. Qe7+ Kg6 44. Qe8+ Kg7 45. d6 Qd4 46. Qe7+ Kg6 47. Qe6+ Kg7 48. d7 h5 49. g4 hxg4+ 50. Qxg4 Qf6 51. d8Q Qxd8 52. Qxf3 Qd7+ 53. Kg3 Kh6 54. Qf6+ Kh5 55. a3 Qc7+ 56. Kf3 Qh7 57. Ke3 Qd7 58. Qe5 Qc6 59. Kd3 Qh1 60. Kc3 Qc1+ 61. Kb4 Qf4+ 62. Qxf4 gxf4 63. Kc3 Kg4 64. Kd4 Kf3 65. h4 Kg4 66. h5 Kxh5 67. Kd3 Kg4 68. Ke2 Kg3 69. Kf1 Kf3 70. a4 Ke3 71. a5 Kd3 72. Kf2 Kc4 73. Kf3 Kb5 74. Kxf4 Kxa5 75. Ke5 1/2-1/2

[Event "Prague Metro"]
[Site "Prague"]
[Date "1982.08.18"]
[Round "11"]
[White "Eperjesi, Laszlo"]
[Black "Kaiszauri, Konstanty"]
[Result "1/2-1/2"]
[WhiteElo "2355"]
[BlackElo "2390"]
[PlyCount "29"]
[EventDate "1982.08.08"]
[EventType "tourn"]
[EventRounds "13"]
[EventCountry "CSR"]
[SourceTitle "EXT 2020"]
[Source "ChessBase"]
[SourceDate "2019.10.17"]
[SourceVersion "1"]
[SourceVersionDate "2019.10.17"]
[SourceQuality "1"]

1. d4 Nf6 2. c4 e6 3. Nf3 d5 4. Nc3 Be7 5. cxd5 exd5 6. Bg5 0-0 7. e3 c6 8. Qc2 Nbd7 9. Bd3 Re8 10. 0-0 h6 11. Bh4 Ne4 12. Bxe7 Qxe7 13. Bxe4 dxe4 14. Nd2 Nf6 15. Rae1 1/2-1/2

[Event "Prague Metro"]
[Site "Prague"]
[Date "1982.08.17"]
[Round "10"]
[White "Kaiszauri, Konstanty"]
[Black "Reznicek, Jan"]
[Result "1/2-1/2"]
[WhiteElo "2390"]
[BlackElo "2280"]
[PlyCount "60"]
[EventDate "1982.08.08"]
[EventType "tourn"]
[EventRounds "13"]
[EventCountry "CSR"]
[SourceTitle "EXT 2020"]
[Source "ChessBase"]
[SourceDate "2019.10.17"]
[SourceVersion "1"]
[SourceVersionDate "2019.10.17"]
[SourceQuality "1"]

1. c4 e5 2. Nc3 Nc6 3. g3 g6 4. Bg2 Bg7 5. Rb1 a5 6. a3 d6 7. b4 axb4 8. axb4 Nf6 9. b5 Ne7 10. Nf3 0-0 11. 0-0 h6 12. d4 exd4 13. Nxd4 Nd7 14. Bb2 Nb6 15. Qd3 Nf5 16. Nd5 Na4 17. e3 Nxb2 18. Rxb2 Nxd4 19. exd4 Bf5 20. Qd2 Ra3 21. Re1 Re8 22. Rxe8+ Qxe8 23. h4 c6 24. bxc6 bxc6 25. Ne3 Rd3 26. Qe2 Rxd4 27. Nxf5 Qxe2 28. Rxe2 gxf5 29. Bxc6 Rxc4 30. Re8+ Bf8 1/2-1/2

[Event "Prague Metro"]
[Site "Prague"]
[Date "1982.08.14"]
[Round "7"]
[White "Kaiszauri, Konstanty"]
[Black "Tichy, Vladimir"]
[Result "1-0"]
[WhiteElo "2390"]
[BlackElo "2360"]
[PlyCount "35"]
[EventDate "1982.08.08"]
[EventType "tourn"]
[EventRounds "13"]
[EventCountry "CSR"]
[SourceTitle "EXT 2020"]
[Source "ChessBase"]
[SourceDate "2019.10.17"]
[SourceVersion "1"]
[SourceVersionDate "2019.10.17"]
[SourceQuality "1"]

1. c4 e6 2. Nf3 Nf6 3. Nc3 d5 4. d4 Be7 5. Bf4 0-0 6. e3 b6 7. cxd5 exd5 8. Be2 Bb7 9. 0-0 Nh5 10. Be5 Nd7 11. Qa4 a6 12. Rac1 f6 13. Bxc7 Qxc7 14. Nxd5 Qd6 15. Nxe7+ Qxe7 16. Rc7 Bc8 17. Qb3+ Kh8 18. Qd5 1-0

[Event "Prague Metro"]
[Site "Prague"]
[Date "1982.08.10"]
[Round "3"]
[White "Kaiszauri, Konstanty"]
[Black "Dolezal, Martin"]
[Result "1-0"]
[WhiteElo "2390"]
[BlackElo "2200"]
[PlyCount "67"]
[EventDate "1982.08.08"]
[EventType "tourn"]
[EventRounds "13"]
[EventCountry "CSR"]
[SourceTitle "EXT 2020"]
[Source "ChessBase"]
[SourceDate "2019.10.17"]
[SourceVersion "1"]
[SourceVersionDate "2019.10.17"]
[SourceQuality "1"]

1. c4 Nf6 2. Nc3 d6 3. g3 g6 4. Bg2 Bg7 5. Nf3 0-0 6. 0-0 e5 7. Rb1 Nbd7 8. b4 Re8 9. d3 c6 10. Qb3 h6 11. Bd2 Nf8 12. e4 Bg4 13. h3 Be6 14. b5 Qc8 15. bxc6 bxc6 16. Kh2 Re7 17. Qa3 Ne8 18. Rfc1 f5 19. Nd5 Rf7 20. exf5 gxf5 21. Ne1 Bxd5 22. cxd5 c5 23. f4 Ng6 24. fxe5 Bxe5 25. Nf3 f4 26. Nxe5 fxg3+ 27. Kh1 Nxe5 28. d4 Nf3 29. Bxh6 Nxd4 30. Qxg3+ Kh8 31. Rf1 Nf5 32. Qg5 Qd7 33. Be4 Nfg7 34. Bxg7+ 1-0

[Event "Prague Metro"]
[Site "Prague"]
[Date "1982.08.09"]
[Round "2"]
[White "Vogel, Jaap"]
[Black "Kaiszauri, Konstanty"]
[Result "1-0"]
[WhiteElo "2315"]
[BlackElo "2390"]
[PlyCount "83"]
[EventDate "1982.08.08"]
[EventType "tourn"]
[EventRounds "13"]
[EventCountry "CSR"]
[SourceTitle "EXT 2020"]
[Source "ChessBase"]
[SourceDate "2019.10.17"]
[SourceVersion "1"]
[SourceVersionDate "2019.10.17"]
[SourceQuality "1"]

1. Nf3 Nf6 2. g3 d5 3. Bg2 e6 4. 0-0 Be7 5. b3 0-0 6. c4 dxc4 7. bxc4 c5 8. d3 Nc6 9. Nc3 Rb8 10. Bf4 Bd6 11. Bg5 h6 12. Bd2 b6 13. Nb5 Bb7 14. Bc3 e5 15. Rb1 Re8 16. e4 Bc8 17. h3 Bf8 18. Ba1 Nh7 19. Nc3 Ng5 20. Nxg5 hxg5 21. Nd5 Re6 22. Bf3 Rh6 23. Bg4 Rxh3 24. Kg2 Rh6 25. Bxc8 Qxc8 26. Rh1 Rxh1 27. Qxh1 g6 28. Qh2 Bg7 29. Rh1 Qe6 30. Qh7+ Kf8 31. Bc3 Ne7 32. Bd2 Nxd5 33. cxd5 Qe7 34. Qh3 Rd8 35. Qg4 Bf6 36. Be3 Qd7 37. Bxg5 Qe7 38. Qh4 Rd6 39. Qh8+ Bxh8 40. Rxh8+ Kg7 41. Bxe7 Rd7 42. Re8 1-0

[Event "Copenhagen Open-04 (Politiken Cup-03)"]
[Site "Copenhagen"]
[Date "1982.06.??"]
[Round "7"]
[White "Berg, Klaus"]
[Black "Kaiszauri, Konstanty"]
[Result "1-0"]
[WhiteElo "2295"]
[BlackElo "2395"]
[PlyCount "73"]
[EventDate "1982.06.??"]
[EventType "swiss"]
[EventRounds "10"]
[EventCountry "DEN"]
[SourceTitle "EXT 2000"]
[Source "ChessBase"]
[SourceDate "1999.11.16"]
[SourceVersion "1"]
[SourceVersionDate "1999.11.16"]
[SourceQuality "1"]

1. d4 Nf6 2. Nf3 e6 3. g3 d5 4. Bg2 Be7 5. c4 0-0 6. 0-0 dxc4 7. Qc2 a6 8. Qxc4 b5 9. Qc2 Bb7 10. Bf4 Nd5 11. Nc3 Nxf4 12. gxf4 Nc6 13. Rfd1 Nb4 14. Qb3 a5 15. Rd2 a4 16. Qd1 Nd5 17. Nxd5 Bxd5 18. e3 Bb4 19. Rc2 f6 20. Ne1 Bxe1 21. Qxe1 Bxg2 22. Kxg2 e5 23. dxe5 fxe5 24. Qd1 Qe8 25. Qd5+ Kh8 26. Rxc7 exf4 27. exf4 Rxf4 28. Re1 Qg6+ 29. Kh1 Rg8 30. Rg1 Qf6 31. Rc2 b4 32. Qc5 b3 33. axb3 axb3 34. Rd2 Rh4 35. Qg5 Qf3+ 36. Rg2 Re4 37. Qxg7+ 1-0

[Event "Copenhagen Open-04 (Politiken Cup-03)"]
[Site "Copenhagen"]
[Date "1982.06.??"]
[Round "9"]
[White "Ermenkov, Evgenij"]
[Black "Kaiszauri, Konstanty"]
[Result "0-1"]
[WhiteElo "2460"]
[BlackElo "2395"]
[PlyCount "80"]
[EventDate "1982.06.??"]
[EventType "swiss"]
[EventRounds "10"]
[EventCountry "DEN"]
[SourceTitle "EXT 2000"]
[Source "ChessBase"]
[SourceDate "1999.11.16"]
[SourceVersion "1"]
[SourceVersionDate "1999.11.16"]
[SourceQuality "1"]

1. e4 d6 2. d4 Nf6 3. Nc3 g6 4. Nf3 Bg7 5. h3 0-0 6. Be3 a6 7. a4 b6 8. g3 Bb7 9. Nd2 c5 10. dxc5 bxc5 11. Bg2 Nc6 12. 0-0 Rb8 13. Nd5 Nd7 14. c3 a5 15. Re1 Ba6 16. Qc2 Nde5 17. Bf1 Bxf1 18. Kxf1 c4 19. Nf4 e6 20. Red1 d5 21. Ne2 f5 22. exf5 Rxf5 23. Kg2 Qd7 24. Rab1 Rbf8 25. f4 Nd3 26. b3 e5 27. bxc4 exf4 28. Nxf4 Nxf4+ 29. Bxf4 g5 30. Be3 Ne5 31. cxd5 g4 32. Qe4 gxh3+ 33. Kh1 Ng4 34. Nc4 Re8 35. Rb7 Rxe4 36. Rxd7 Rxc4 37. Bb6 Rxc3 38. d6 Rcf3 39. Bg1 Rf1 40. Rd4 h5 0-1

[Event "Reykjavik Open"]
[Site "Reykjavik"]
[Date "1982.02.??"]
[Round "?"]
[White "Helmers, Knut Jaran"]
[Black "Kaiszauri, Konstanty"]
[Result "1-0"]
[WhiteElo "2430"]
[BlackElo "2395"]
[PlyCount "72"]
[EventDate "1982.02.??"]
[EventType "swiss"]
[EventRounds "11"]
[EventCountry "ISL"]
[SourceTitle "MCD"]
[Source "ChessBase"]
[SourceDate "1999.07.01"]
[SourceVersion "1"]
[SourceVersionDate "1999.07.01"]
[SourceQuality "1"]

1. Nf3 Nf6 2. c4 e6 3. g3 d5 4. d4 dxc4 5. Bg2 a6 6. 0-0 b5 7. Ne5 c6 8. Nxc6 Qb6 9. Nxb8 Rxb8 10. e4 Bb7 11. Nc3 Bb4 12. Bg5 Bxc3 13. Bxf6 Bxb2 14. Bxg7 Rg8 15. Rb1 Rxg7 16. Rxb2 c3 17. Rc2 b4 18. d5 a5 19. dxe6 fxe6 20. Qh5+ Kf8 21. Qe5 Rd8 22. Bh3 Qd4 23. Qf4+ Ke7 24. Qh6 Rd6 25. Bg2 Qf6 26. Qe3 Qd4 27. Qh6 Qf6 28. Qe3 Qd4 29. e5 Rd5 30. Qxd4 Rxd4 31. Bxb7 Kd8 32. Bc6 Kc7 33. Ba4 Rg8 34. Rcc1 Rd2 35. Rfd1 Rgd8 36. Rxd2 Rxd2 1-0

[Event "Reykjavik Open"]
[Site "Reykjavik"]
[Date "1982.02.??"]
[Round "?"]
[White "Kaiszauri, Konstanty"]
[Black "Byrne, Robert Eugene"]
[Result "1/2-1/2"]
[WhiteElo "2395"]
[BlackElo "2515"]
[PlyCount "21"]
[EventDate "1982.02.??"]
[EventType "swiss"]
[EventRounds "11"]
[EventCountry "ISL"]
[SourceTitle "MCD"]
[Source "ChessBase"]
[SourceDate "1999.07.01"]
[SourceVersion "1"]
[SourceVersionDate "1999.07.01"]
[SourceQuality "1"]

1. c4 g6 2. Nc3 Bg7 3. g3 c5 4. Bg2 Nc6 5. e3 e6 6. Nge2 Nge7 7. d4 cxd4 8. Nxd4 d5 9. cxd5 Nxd4 10. exd4 Nxd5 11. Nxd5 1/2-1/2